|
|
|
|
| LEADER |
00000nlm0a2200000 4500 |
| 001 |
661880 |
| 005 |
20240126094356.0 |
| 029 |
1 |
0 |
|a RU
|b 2018663366
|f TPU
|
| 035 |
|
|
|a (RuTPU)RU\TPU\network\32920
|
| 035 |
|
|
|a RU\TPU\network\32919
|
| 039 |
0 |
|
|a RU
|b 2018660334
|c 20180926
|
| 090 |
|
|
|a 661880
|
| 100 |
|
|
|a 20200317j20181025k y0rusy50 ca
|
| 101 |
0 |
|
|a rus
|
| 102 |
|
|
|a RU
|
| 105 |
|
|
|a a k 000zy
|
| 135 |
|
|
|a drgn ---uucaa
|
| 181 |
|
0 |
|a i
|
| 182 |
|
0 |
|a b
|
| 200 |
1 |
|
|a Спектральная декомпозиция
|e программа для ЭВМ
|e рег. номер: 2018663366, 25.10.2018
|f Н. А. Филатов, Ю. М. Черепенников, А. С. Гоголев, В. Г. Кизириди
|g Национальный исследовательский Томский политехнический университет
|
| 203 |
|
|
|a Текст
|c электронный
|
| 300 |
|
|
|a Язык программирования: Matlab
|
| 330 |
|
|
|a Программа предназначена для декомпозиции и оценки параметров спектральных проекций и может применяться в системах цветной томографии. Программа обеспечивает выполнение следующих функций: определение параметра отклонения истинного спектра от восстановленного из зарегистрированных детектором проекций методом максимального правдоподобия; определение параметров эллипса наиболее вероятных расстояний методом расстояний Махаланобиса; декомпозиция проекций по спектру и по детектированному сигналу; построение пространства толщин для заданного измерения.
|
| 610 |
1 |
|
|a труды учёных ТПУ
|
| 610 |
1 |
|
|a программы для ЭВМ
|
| 610 |
1 |
|
|a электронный ресурс
|
| 610 |
1 |
|
|a декомпозиция
|
| 610 |
1 |
|
|a оценка параметров
|
| 610 |
1 |
|
|a проекции
|
| 610 |
1 |
|
|a томография
|
| 610 |
1 |
|
|a детекторы
|
| 610 |
1 |
|
|a спектральная декомпозиция
|
| 701 |
|
1 |
|a Филатов
|b Н. А.
|c специалист в области автоматического управления
|c инженер Томского политехнического университета
|f 1983-
|g Николай Александрович
|3 (RuTPU)RU\TPU\pers\40862
|
| 701 |
|
1 |
|a Черепенников
|b Ю. М.
|c физик
|c доцент Томского политехнического университета, кандидат наук
|f 1989-
|g Юрий Михайлович
|3 (RuTPU)RU\TPU\pers\30116
|9 14522
|
| 701 |
|
1 |
|a Гоголев
|b А. С.
|c физик
|c доцент Томского политехнического университета, кандидат физико-математических наук
|f 1983-
|g Алексей Сергеевич
|3 (RuTPU)RU\TPU\pers\26565
|9 12254
|
| 701 |
|
1 |
|a Кизириди
|b В. Г.
|g Валерия Глебовна
|
| 712 |
0 |
2 |
|a Национальный исследовательский Томский политехнический университет
|b Исследовательская школа физики высокоэнергетических процессов
|c (2017- )
|3 (RuTPU)RU\TPU\col\23551
|
| 712 |
0 |
2 |
|a Национальный исследовательский Томский политехнический университет
|b Инженерная школа ядерных технологий
|b Отделение ядерно-топливного цикла
|3 (RuTPU)RU\TPU\col\23554
|
| 712 |
0 |
2 |
|a Национальный исследовательский Томский политехнический университет
|b Физико-технический институт
|b Кафедра прикладной физики (№ 12)
|b Международная научно-образовательная лаборатория "Рентгеновская оптика"
|3 (RuTPU)RU\TPU\col\19530
|
| 801 |
|
1 |
|a RU
|b 63413507
|c 20120201
|
| 801 |
|
2 |
|a RU
|b 63413507
|c 20220628
|g RCR
|
| 856 |
4 |
|
|u https://www1.fips.ru/ofpstorage/Doc/PrEVM/RUNWPR/000/002/018/663/366/2018663366-00001/document.pdf
|
| 942 |
|
|
|c CF
|